Word Ladder: Rudolph Quiz Stats

Quiz Updated Dec 21, 2015

Challenge
Share
Tweet
Embed
Score 0/12 Timer 01:00
0 Plays Today
Hint 4-Letter Word % Correct
Type of precipitationRAIN
96.3%
Rudolph's species: [Rung 1] ____DEER
96.2%
To mail a letterSEND
94.2%
Rudolph's species: ____ [Rung 12]REIN
92.6%
SpokenSAID
90%
A sudden attack on enemy troopsRAID
88.6%
A 'baby' plantSEED
87.1%
Word that can precede 'box' or 'paper'SAND
85.8%
Legal document regarding ownershipDEED
84.6%
Ran away from dangerFLED
83.2%
Iditarod transportationSLED
82.8%
Give [Rung 7] to a bird, for exampleFEED
82.5%

Today's Daily Dose

Missing Word
Law Misconceptions

Word Ladder
Easy Math

On This Day
January 20th

You're not logged in!

Compare scores with friends on all Sporcle quizzes.
Sign Up with Email
OR
Log In

You Might Also Like...

Show Comments

Extras

Top Quizzes Today


Score Distribution

Your Account Isn't Verified!

In order to create a playlist on Sporcle, you need to verify the email address you used during registration. Go to your Sporcle Settings to finish the process.